|
|
|
|
| LEADER |
00000nam0a2200000 4500 |
| 001 |
265791 |
| 005 |
20231101233941.0 |
| 010 |
|
|
|a 9785370029264
|
| 035 |
|
|
|a (RuTPU)RU\TPU\book\288793
|
| 035 |
|
|
|a RU\TPU\book\106185
|
| 090 |
|
|
|a 265791
|
| 100 |
|
|
|a 20060626d2013 k y0rusy50 ca
|
| 101 |
0 |
|
|a rus
|
| 102 |
|
|
|a RU
|
| 105 |
|
|
|a a l 000zy
|
| 200 |
1 |
|
|a Правила проектирования и монтажа электроустановок
|f Российская Федерация, Государственный комитет по строительству и жилищно-коммунальному комплексу (Госстрой России)
|
| 210 |
|
|
|a Москва
|c Омега-Л
|d 2013
|
| 215 |
|
|
|a 104 с.
|c табл.
|
| 225 |
1 |
|
|a Безопасность и охрана труда
|
| 300 |
|
|
|a Одобрены и рекомендованы к применению постановлением Госстроя России от 26 ноября 2003 г. №194.
|
| 330 |
|
|
|a Издание содержит официальный текст правил проектирования и монтажа электроустановок жилых и общественных зданий, одобренных и рекомендованных к применению постановлением Госстроя России от 26 ноября 2003 г. № 194.
|
| 606 |
1 |
|
|a Электрооборудование
|x Технико-эксплуатационные характеристики
|2 stltpush
|3 (RuTPU)RU\TPU\subj\20604
|9 45698
|
| 610 |
1 |
|
|a электротехника
|
| 610 |
1 |
|
|a электроустановки
|
| 610 |
1 |
|
|a электроснабжение
|
| 610 |
1 |
|
|a электрические нагрузки
|
| 610 |
1 |
|
|a электрические сети
|
| 610 |
1 |
|
|a электрическое отопление
|
| 610 |
1 |
|
|a электроэнергия
|
| 610 |
1 |
|
|a проектирование
|
| 610 |
1 |
|
|a монтаж
|
| 610 |
1 |
|
|a расчет
|
| 610 |
1 |
|
|a схемы
|
| 610 |
1 |
|
|a силовые распределительные сети
|
| 610 |
1 |
|
|a защита
|
| 610 |
1 |
|
|a токи короткого замыкания
|
| 610 |
1 |
|
|a распределительные щиты
|
| 610 |
1 |
|
|a внутренние электрические сети
|
| 610 |
1 |
|
|a измерительные приборы
|
| 610 |
1 |
|
|a автоматизация
|
| 610 |
1 |
|
|a контроль
|
| 610 |
1 |
|
|a технические требования
|
| 610 |
1 |
|
|a защитное отключение
|
| 610 |
1 |
|
|a правила
|
| 610 |
1 |
|
|a устройства
|
| 675 |
|
|
|a 621.31.004(083.13)
|v 3
|
| 712 |
0 |
1 |
|a Российская Федерация
|b Государственный комитет по строительству и жилищно-коммунальному комплексу (Госстрой России)
|c (1999-2004)
|2 stltpush
|3 (RuTPU)RU\TPU\col\2930
|
| 801 |
|
1 |
|a RU
|b 63413507
|c 20140630
|
| 801 |
|
2 |
|a RU
|b 63413507
|c 20150908
|g RCR
|
| 942 |
|
|
|c BK
|
| 959 |
|
|
|a 111/20140630
|d 1
|e 64,90
|f ЧЗКДП:1
|